<?xml version="1.0" encoding="UTF-8"?>
<record
    xmlns:xsi="http://www.w3.org/2001/XMLSchema-instance"
    xsi:schemaLocation="http://www.loc.gov/MARC21/slim http://www.loc.gov/standards/marcxml/schema/MARC21slim.xsd"
    xmlns="http://www.loc.gov/MARC21/slim">

  <leader>01660nam a22001697a 4500</leader>
  <datafield tag="999" ind1=" " ind2=" ">
    <subfield code="c">513629</subfield>
    <subfield code="d">513629</subfield>
  </datafield>
  <controlfield tag="008">200313b           ||||| |||| 00| 0 eng d</controlfield>
  <datafield tag="100" ind1=" " ind2=" ">
    <subfield code="a">Ebinger, Falk</subfield>
    <subfield code="9">18411</subfield>
  </datafield>
  <datafield tag="245" ind1=" " ind2=" ">
    <subfield code="a">The partisan&#x2013;professional dichotomy revisited: Politicization and decision&#x2010;making of senior civil servants</subfield>
  </datafield>
  <datafield tag="260" ind1=" " ind2=" ">
    <subfield code="b">Public Administration</subfield>
  </datafield>
  <datafield tag="300" ind1=" " ind2=" ">
    <subfield code="a">97(4), 2019: p.861-876.</subfield>
  </datafield>
  <datafield tag="520" ind1=" " ind2=" ">
    <subfield code="a">Politicization has an ambivalent reputation among public administration scholars. While considered an effective instrument to safeguard political control over ministerial bureaucracy, partisanship of senior civil servants is likewise associated with patronage and is deemed detrimental to professionalism and meritocracy. To scrutinize this contradiction, the article examines how the party&#x2010;political background of senior civil servants influences their decision&#x2010;making behaviour. Two theoretically derived conceptions of loyalty are therefore put to the test: responsiveness and responsibility. Effects are captured by using the vignette technique in 40 in&#x2010;depth interviews with former senior civil servants from ministerial departments at federal and state level in Germany. The results are surprising in so far as they reveal that politicized senior civil servants act neither more responsively nor less responsibly than their non&#x2010;politicized peers. These findings challenge common assumptions and call for a more refined analysis of the conditions under which politicization leads to negative effects. - Reproduced.</subfield>
  </datafield>
  <datafield tag="700" ind1=" " ind2=" ">
    <subfield code="a">Veit, Sylvia</subfield>
    <subfield code="9">16825</subfield>
  </datafield>
  <datafield tag="700" ind1=" " ind2=" ">
    <subfield code="a">Fromm, Nadin</subfield>
    <subfield code="9">16826</subfield>
  </datafield>
  <datafield tag="773" ind1=" " ind2=" ">
    <subfield code="a">Public Administration</subfield>
  </datafield>
  <datafield tag="906" ind1=" " ind2=" ">
    <subfield code="a">CIVIL SERVICE</subfield>
  </datafield>
  <datafield tag="942" ind1=" " ind2=" ">
    <subfield code="2">ddc</subfield>
    <subfield code="c">AR</subfield>
  </datafield>
  <datafield tag="952" ind1=" " ind2=" ">
    <subfield code="0">0</subfield>
    <subfield code="1">0</subfield>
    <subfield code="2">ddc</subfield>
    <subfield code="4">0</subfield>
    <subfield code="7">0</subfield>
    <subfield code="9">387661</subfield>
    <subfield code="a">IIPA</subfield>
    <subfield code="b">IIPA</subfield>
    <subfield code="d">2020-03-13</subfield>
    <subfield code="h">97(4), 2019: p.861-876.</subfield>
    <subfield code="p">AR122782</subfield>
    <subfield code="r">2020-03-13</subfield>
    <subfield code="y">AR</subfield>
  </datafield>
</record>
